| 000 | 00795cam a22002533a 4500 | ||
|---|---|---|---|
| 001 | 37455 | ||
| 003 | PGUSA | ||
| 005 | 20140828083825.0 | ||
| 008 | 110916s2011||||xxu|||||s|||||000 | eng d | ||
| 040 |
_aPGUSA _beng |
||
| 042 | _adc | ||
| 100 | 1 | _aSpielmann, Mabel Henriette | |
| 245 | 1 | 4 |
_aThe Rainbow Book Tales of Fun and Fancy _h[electronic resource] / _cMabel Henriette Spielmann |
| 260 |
_bProject Gutenberg, _c2011 |
||
| 506 | _aPublic domain in the USA. | ||
| 516 | _aElectronic text | ||
| 700 | 1 |
_aRackham, Arthur, _d1867-1939 |
|
| 700 | 1 |
_aPartridge, Bernard, _d1861-1945 |
|
| 700 | 1 |
_aBaumer, Lewis Christopher Edward, _d1870-1963 |
|
| 700 | 1 |
_aThomson, Hugh, _d1860-1920 |
|
| 830 | 0 |
_aProject Gutenberg _v37455 |
|
| 856 | 4 | 0 | _uhttp://www.gutenberg.org/ebooks/37455 |
| 942 | _cEB | ||
| 999 |
_c266709 _d266709 |
||